| 000 | 00382nam a2200133Ia 4500 | ||
|---|---|---|---|
| 008 | 191213s9999 xx 000 0 und d | ||
| 020 | _a9788427724891 | ||
| 100 | 1 | _aPONTALTI, Beatrice | |
| 245 | 1 | _aTALLER DE MAPAS CONCEPTUALES Y MENTALES | |
| 260 | 0 | 0 | _a2018 |
| 650 | 0 | 0 | _bEducación |
| 250 | _a1 | ||
| 856 | 0 | 0 | _ahttps://uachapingo.bibliotecasdigitales.com/read/9788427724891/index |
| 999 |
_c218064 _d218064 |
||